00969 2200265 4500001002100000005001500021008004100036020001800077035002000095082001000115084001600125100002900141245008400170250001400254264003700268300004000305336002100345337003000366338002300396520022600419650002500645990001100670990001100681990001100692INLIS00000000001957720260211101323260211 g 0 ind  a9789792971118 a0010-0123000460 a153.6 a153.6 FER p0 aFeri SuliantaePengarang1 aPanduan Lengkap Pengembangan Softskill :bInterpersonal dan Intrapersonal Skill aCetakan 1 aYogyakarta :bAndi Offset,c2018 ax+206 halaman :bIlustrasi ;c23 cm 2rdacontentaTeks 2rdamediaaTanpa perantara 2rdacarrieraLembar aJika hardskill atau keahlian teknis terus berkembang dan banyak dipelajari, lain halnya dengan keahlian yang dinamakan interpersonal skill yang merupakan pengetahuan perihal caranya manusai berkomunikasi dan berinteraksi. 4aPsikologi Komunikasi a069423 a069424 a069425